Design of work and development of personnel in advanced manufacturing / (Record no. 12973)

000 -LEADER
fixed length control field 00803cam a2200229 a 4500
020 ## - INTERNATIONAL STANDARD BOOK NUMBER
ISBN 0471594474 (acidfree paper)
040 ## - CATALOGING SOURCE
Transcribing agency DLC
082 00 - DEWEY DECIMAL CLASSIFICATION NUMBER
Classification number 670 WIL 1994 A043 Or.
245 00 - TITLE STATEMENT
Title Design of work and development of personnel in advanced manufacturing /
260 ## - PUBLICATION, DISTRIBUTION, ETC. (IMPRINT)
Place of publication New York :
Name of publisher Wiley,
Year of publication c1994.
300 ## - PHYSICAL DESCRIPTION
Number of Pages xiii, 578 p. :
Other physical details ill. ;
Dimensions 25 cm.
500 ## - GENERAL NOTE
General note "A Wiley-Interscience publication."
650 #0 - SUBJECT ADDED ENTRY--TOPICAL TERM
Topical Term Human engineering.
650 #0 - SUBJECT ADDED ENTRY--TOPICAL TERM
Topical Term Personnel management.
650 #0 - SUBJECT ADDED ENTRY--TOPICAL TERM
Topical Term Computer integrated manufacturing systems.
650 #0 - SUBJECT ADDED ENTRY--TOPICAL TERM
Topical Term Manufacturing resource planning.
700 1# - ADDED ENTRY--PERSONAL NAME
Personal name Salvendy, Gavriel,
700 1# - ADDED ENTRY--PERSONAL NAME
Personal name Karwowski, Waldemar,
856 42 - ELECTRONIC LOCATION AND ACCESS
Uniform Resource Identifier http://www.loc.gov/catdir/description/wiley033/92035908.html
856 4# - ELECTRONIC LOCATION AND ACCESS
Uniform Resource Identifier http://www.loc.gov/catdir/toc/onix03/92035908.html
942 ## - ADDED ENTRY ELEMENTS (KOHA)
Koha item type សៀវភៅភាសាអង់គ្លេស
952 ## - LOCATION AND ITEM INFORMATION (KOHA)
Withdrawn status [LOCAL, KOHA] 0
Holdings
Permanent Location Date acquired Koha item type Lost status Shelving location Barcode Current Location Full call number
Library Block A2017-08-18សៀវភៅភាសាអង់គ្លេស A043A20607Library Block A670 WIL 1994 A043 Or.
មជ្ឈមណ្ឌលឯការនៃសាកលវិទ្យាល័យភូមិន្ទកសិកម្មចំការដូង

Powered by Koha